Most Republican and Democrat US States in the 1996 Election - Statistics

General Stats
  • This quiz has been taken 127 times
  • The average score is 7 of 10
Answer Stats
Answer % Correct
Democrat (Bill Clinton) 59.47 New York
89%
Republican (Bob Dole) 54.37% Utah
85%
Republican (Bob Dole) 52.18 Idaho
82%
Democrat (Bill Clinton) 56.93 Hawaii
76%
Democrat (Bill Clinton) 61.47% Massachusetts
76%
Republican (Bob Dole) 54.29 Kansas
70%
Democrat (Bill Clinton) 59.71 Rhode Island
70%
Republican (Bob Dole) 50.8 Alaska
67%
Republican (Bob Dole) 53.65 Nebraska
65%
Democrat (Bill Clinton) 54.32 Illinois
62%
No matching quizzes found
Score Distribution
Percent of People with Each Score
Percentile by Number Answered
Your Score History
You have not taken this quiz